000 00725nam a22001937a 4500
005 20131017150148.0
010 _aB-515755-794
020 _a8184820569
_c50.00
020 _a9788184820560
_c50.00
035 _aB-515755-794
037 _bUBH/Ven
082 _aS
245 _aThe lord of Lanka :
_cedited by Anant Pai; illustrated by Pulak Biswas
_bthe rise and fall of a demon king /
260 _bAmar Chitra Katha
_c2011(repr.)
_aMumbai
270 _aThe Forum,3rd Floor Raghuvanshi Mill Compound. S.B.Marg, Lower Parel (W)
_bMumbai
_e400013
300 _aVol.541,32p.:
_c24cm(pbk)
_bcol. ill.
942 _cCH
_hS
_2ddc
_mLOR
999 _c79086
_d79086